Vybrané kapitoly z práva pro účastníky Univerzity třetího věku /

Hlavní autor: Sciskalová, Marie
Jazyk: Čeština
Vydáno: Karviná : Slezská univerzita v Opavě, Obchodně podnikatelská fakulta v Karviné, 2003
Vydání: Vyd. 1.
Témata:
Externí odkaz: Digitalizovaný dokument
Fyzický popis: 93 s. ; 21 cm
Knihy
Uloženo v:
LEADER 01433nam a2200361 a 4500
001 000699267
003 CZ BrMZK
005 20070710105817.0
007 ta
008 031208s2003 xr e p 000 0 cze d
015 |a cnb001293034 
020 |a 80-7248-211-4  |q (brož.) 
035 |a (OCoLC)56856259 
040 |a BOA001  |b cze 
072 7 |a 34  |x Právo  |2 Konspekt  |9 16 
072 7 |a 37.016  |x Učební osnovy. Vyučovací předměty. Učebnice  |2 Konspekt  |9 22 
080 |a 34  |2 MRF 
080 |a (075.8)  |2 MRF 
100 1 |a Sciskalová, Marie  |7 mzk2003165635  |4 aut 
245 1 0 |a Vybrané kapitoly z práva pro účastníky Univerzity třetího věku /  |c Marie Sciskalová 
250 |a Vyd. 1. 
260 |a Karviná :  |b Slezská univerzita v Opavě, Obchodně podnikatelská fakulta v Karviné,  |c 2003 
300 |a 93 s. ;  |c 21 cm 
500 |a 70 výt 
504 |a Obsahuje bibliografii a rejstřík 
521 |a Určeno studentům Obchodně podnikatelské fakulty v Karviné 
500 |a Dostupné též v digitální podobě v aplikaci Kramerius 
650 0 7 |a právo  |7 ph115914  |2 czenas 
655 7 |a učebnice vysokých škol  |7 fd133772  |2 czenas 
856 4 1 |u http://www.digitalniknihovna.cz/mzk/uuid/uuid:d5320d90-f02d-11e5-8d5f-005056827e51  |y Digitalizovaný dokument  |x NDK 
910 |a BOA001  |b 2-1126.466 
990 |a BK 
996 6 |b 2610205714  |c 2-1126.466  |l MZK  |r Sklad / do 1 hodiny  |n 3  |p p.v.  |w 000699267  |u 000010  |a 1  |e BOA001  |j MZK50  |s P